駅名に「熱」を含む駅 - Statistics

General Stats
  • This quiz has been taken 151 times
  • The average score is 5 of 7
Answer Stats
Hint Answer % Correct
静岡県 熱海
99%
愛知県 熱田
87%
静岡県 伊豆熱川
67%
福島県 磐梯熱海
66%
愛知県 熱田神宮西
55%
北海道 熱郛
46%
愛知県 熱田神宮伝馬町
40%
No matching quizzes found
Score Distribution
Percent of People with Each Score
Percentile by Number Answered
Your Score History
You have not taken this quiz